[Event "Linares 12th"]
[Site "Linares"]
[Date "1994.??.??"]
[Round "11"]
[White "Karpov, Anatoly"]
[Black "Kramnik, Vladimir"]
[Result "1-0"]
[WhiteElo "2740"]
[BlackElo "2710"]
[Annotator "Ftacnik,L"]
[PlyCount "79"]
[EventDate "1994.02.??"]
[EventType "tourn"]
[EventRounds "13"]
[EventCountry "ESP"]
[EventCategory "18"]
[SourceTitle "CBM 040"]
[Source "ChessBase"]
[SourceDate "1994.06.01"]
[SourceVersion "1"]
[SourceVersionDate "1994.06.01"]
[SourceQuality "1"]

1. d4 {Ernst Kortschnoj Hansen,Cu} d5 2. c4 c6 3. Nf3 Nf6 4. Nc3 e6 5. e3 Nbd7
6. Bd3 dxc4 7. Bxc4 b5 8. Bd3 a6 9. e4 c5 10. d5 c4 11. dxe6 fxe6 12. Bc2 Bb7 (
12... Qc7 {Ernst} 13. O-O Bc5) 13. O-O Qc7 14. Ng5 (14. e5 {Hansen,Cu} Nxe5 15.
Nxe5 Qxe5 16. Re1 Qd6 17. Bg5 (17. Qe2 Be7 18. Qxe6 Qxe6 19. Rxe6 Kf7 $15 {
Ashley,M-Polgar,Zso/New York/1992/}) 17... O-O-O 18. Qe2 Qc6 19. Qxe6+ Qxe6 20.
Rxe6 Bc5 $15 {Greenfeld,A-Pinter,J/Beersheba/1988/}) 14... Nc5 (14... Qc6 {
Hansen,Cu} 15. Qf3 Bc5 16. Qh3 Ke7 17. Nf3 b4 18. Ne2 Nxe4 19. Ned4 Qb6 20.
Bxe4 Bxe4 21. Qg4 Bxd4 22. Qxe4 Bf6 23. Qxc4 $16 {Gligoric,S-Ljubojevic,L/
Linares/1981/}) 15. e5 (15. Qe2 Bd6 16. f4 h6 17. Nh3 Nd3 18. e5 Bc5+ 19. Kh1
Nd5 20. Nxd5 Bxd5 21. b3 O-O 22. bxc4 bxc4 23. Be3 Bxe3 24. Qxe3 {Kragelj,
I-Volzhin,A/Ljubljana op (8/17)/1992/0-1 (35)}) (15. Be3 h6 16. Nh3 Bd6 17. f4
e5 18. fxe5 Bxe5 19. Nf4 O-O 20. Nfd5 Qd6 21. Nxf6+ Rxf6 22. Rxf6 gxf6 23. Qh5
Bd4 24. Qg6+ {Kempinski,R-Royer,S/Cappelle op (02)/1993/1-0 (26)}) (15. f4 h6 (
15... Rd8 16. Qe2 h6 17. Nh3 Nd3 18. e5 Nd5 19. Nxd5 Rxd5 20. Be3 Bc5 21. Nf2
Nxf2 22. Bxf2 Bxf2+ 23. Rxf2 O-O 24. Qg4 {Anikaev,Y-Mikhalchishin,A/USSR 28/
589/1979/1-0 (38)}) 16. e5 hxg5 (16... Nd3 17. Bxd3 O-O-O 18. Nf3 Rxd3 19. Qe2
Bc5+ 20. Kh1 Nd5 21. Ne4 Rf8 22. Ne1 Rd4 23. Nxc5 Qxc5 24. Qg4 {Gligoric,
S-Yusupov,A/Vrbas 30/576/1980/0-1 (42)}) 17. Bg6+ Ke7 18. Qe2 Nfd7 19. f5 Kd8
20. fxe6 Nxe6 21. Bf5 Kc8 22. Rd1 Bc5+ 23. Kh1 Nd4 24. Qg4 {Ftacnik,
L-Panchenko,AN/Sochi/1977/0-1 (30)}) (15. Qf3 {Hansen,Cu} Bd6 16. Qh3 O-O-O 17.
b4 (17. f4 {0,5/Seirawan,Y-Ribli,Z/Skelleftea Wcup/1989/}) 17... cxb3 18. Bxb3
Kb8 19. Be3 h6 20. Nxe6 Nxe6 21. Bxe6 Nxe4 22. Nxe4 Bxe4 23. a4 $16 {Klauser,
M-Pelletier,Y/SWZ-ch/1993/}) 15... Qxe5 16. Re1 Qd6 17. Qxd6 $1 (17. Be3 Qc6
18. Qf3 Qxf3 19. gxf3 Nd3 20. Bxd3 cxd3 21. Rad1 h6 22. Nxe6 Kf7 23. Bc5 Bxc5
24. Nxc5 {Mackay,I-Swan,I/SCO-ch100/1993/1-0 (40)}) 17... Bxd6 18. Be3 $5 (18.
Nxe6 {Hansen,Cu} Nxe6 19. Rxe6+ Kd7 20. Re2 (20. Bf5 Kc7 21. Re1 (21. Bh6 gxh6
22. Rxf6 Raf8 $15 {Herb,P-Speelman,J/French tt/1992/}) 21... Rhe8 $15 {Rieke,
T-Kreuzkamp,R/2.BLW/1990/}) 20... Rae8 $15 {Lakic,N-Stanojoski,Z/ch-YU/1992/})
18... O-O (18... Nd3 19. Bxd3 cxd3 20. Nxe6 Kf7 21. Bc5 (21. Nf4 b4 22. Na4
Bxf4 23. Bxf4 Nd5 24. Bg3 Rac8 25. Rad1 $16) 21... Rhe8 22. Ng5+ Kg6 23. Bxd6
Kxg5 24. Red1 b4 25. Bxb4 Rad8 $16) 19. Rad1 Be7 (19... Rfd8 $2 20. Rxd6 Rxd6
21. Bxc5 $18) 20. Bxc5 Bxc5 21. Nxe6 Rfc8 22. h3 (22. Nxc5 Rxc5 23. Re7 Bc6 24.
b4 Rg5 25. g3 Re8 $13) 22... Bf8 (22... Ba7 23. Nxg7 (23. g4 h6 24. Bf5 b4 $13)
23... b4 24. Re7 $1 (24. Nb1 Bxg2 25. Kxg2 Kxg7 26. Re7+ Kf8 27. Re6 Kf7 28.
Rxa6 (28. Rdd6 Bd4 $1) 28... Bc5 29. Rxa8 Rxa8 30. a3 bxa3 31. bxa3 Bxa3 32.
Rd4 $14) 24... bxc3 25. Rxb7 cxb2 26. Nf5 Rcb8 27. Rc7 $1 $16) (22... b4 23.
Na4 Ba7 24. Nxg7 $1 Bxg2 $1 (24... Kxg7 25. Re7+) 25. Kxg2 Kxg7 26. Re7+ Kh8
27. Rd6 $36) (22... Bb6 {Hansen,Cu} 23. Nxg7 $16) (22... Bb4 $5 {Hansen,Cu}) (
22... Rab8 $5 {Kortschnoj}) 23. g4 h6 (23... b4 24. Na4 Bf3 (24... Rab8 25. Nb6
Rc6 26. Nxc4 $5 Rxc4 27. Bb3 $36) 25. Rd4 Rab8 26. Nxf8 Kxf8 27. Rf4 $18) 24.
f4 Bf3 (24... b4 25. Na4 Bf3 26. Rd4 Rab8 27. Kf2 $16) (24... Re8 {Hansen,Cu}
25. g5 $16) 25. Rd2 (25. Rd4 Re8 26. Kf2 Rxe6 27. Rxe6 Bc5 28. Kxf3 Bxd4 $14)
25... Bc6 (25... b4 26. Na4 c3 27. bxc3 bxc3 28. Rf2 Bd5 29. Nb6 Bxe6 30. Rxe6
Bc5 31. Nxa8 Rxa8 32. Rc6 $16) 26. g5 hxg5 27. fxg5 Nd7 (27... Nh5 $2 {
Kortschnoj} 28. Bg6 Ng3 29. Kh2 $18) 28. Nxf8 (28. Ne4 Ne5 $1 29. Rf1 Nd3) (28.
Rd4 b4 (28... Re8 $5) 29. Rh4 $5 bxc3 30. Bh7+ Kf7 (30... Kh8) 31. Nd8+ $3 Rxd8
32. Rf4+ Nf6 33. g6#) (28. Be4 {Hansen,Cu} Nc5 29. Bf5 Re8 $132) 28... Nxf8 (
28... Rxf8 29. Re6 (29. Rd6 $14 {Hansen,Cu}) 29... Nb8 30. Re7 $16) (28... Kxf8
$2 29. Bh7 g6 $8 30. Rf2+ Kg7 31. Re7+ Kh8 32. Bxg6 $18) 29. Rd6 (29. Re7 Rd8
$1) 29... b4 (29... Bd7 30. Be4 Rab8 31. Bd5+ Kh8 32. Re4 $40) (29... Ra7 $5 {
Hansen,Cu} 30. Bf5 (30. h4 $5) 30... Rcc7 31. Nd5 Bxd5 32. Rxd5 $14) (29... Re8
{Kortschnoj} 30. Rxe8 Bxe8 31. Nd5 $16) 30. Ne4 (30. Nd5 $1 Bxd5 31. Rxd5 c3 (
31... Rd8 $5 $14 {Hansen,Cu}) 32. g6 $1 (32. Bb3 Kh7 $1 (32... Kh8 33. g6 $18))
32... a5 33. Rb5 $1 a4 34. Be4 $1 Rab8 (34... cxb2 35. Bd5+ Kh8 36. Bf7 $18)
35. Bd5+ Kh8 36. Re5 $18) 30... Be8 (30... Nd7 {Hansen,Cu} 31. Ng3 {/\Re7//\Nf5
}) (30... Bxe4 {Ernst} 31. Bxe4 $16) 31. Ng3 Rd8 (31... c3 $5 {Hansen,Cu} 32.
Nf5 cxb2 33. Ne7+ Kh8 34. Nxc8 Rxc8 35. Rd2 $14) 32. Nf5 Rxd6 (32... a5 33. Be4
Rac8 34. Bd5+ Kh7 35. Bxc4 $18) 33. Nxd6 Bg6 $2 (33... Bb5 34. Re4 c3 35. Rxb4
cxb2 36. Rxb2 $16) (33... Bd7 $1 34. Be4 (34. h4 Be6 35. Re4 b3 36. axb3 cxb3
$132) (34. Nxc4 Bxh3 35. Bb3 Kh7 $14) (34. g6 Be6 $1) 34... Rd8 35. Bd5+ Kh7
36. Bxc4 (36. h4 Bf5 $1) 36... Bxh3 37. Rd1 $14) (33... Bf7 $1 {Ernst} 34. Nxf7
(34. Re7 $1 Bd5 35. g6 $16 (35. Nf5 Ne6 36. Rd7 Bf3 37. Kf2 Bh5 $16)) 34...
Kxf7 35. g6+ Kf6 36. Rf1+ Kg5 37. Rf7 Kh6 $1 (37... Rd8 38. Rxg7 Rd2 39. Rg8
$16) 38. Rc7 a5 39. Rxc4 Ra6 $16) 34. Bxg6 Nxg6 35. Nxc4 Rd8 36. Re4 (36. Kh2 {
Kortschnoj} Rd5 37. Rg1 Nh4 $10) 36... b3 (36... Rd1+ 37. Kg2 (37. Kh2 {
Hansen,Cu} Ra1 38. Re6 Nh4 39. Kg3 Nf5+ 40. Kg4 $18) 37... Ra1 38. h4 Rxa2 39.
h5 Nf8 40. g6 $1 a5 41. Re8 a4 42. Kg3 Ra1 43. Nd6 a3 44. Nf5 Rf1 45. Ne7+ Kh8
46. bxa3 bxa3 47. Ra8 $18) 37. axb3 (37. a3 $1 $16 {Hansen,Cu}) (37. a4 $1 $16
{Kortschnoj}) 37... Rd3 38. Kg2 (38. Re3 Rxe3 (38... Rd5 $132 {Hansen,Cu}) 39.
Nxe3 Nf4 40. Kh2 Nd3 41. Nc4 Nc1 42. Kg3 $1 Nxb3 43. h4 $16) 38... Rxb3 39. h4
Nf8 (39... Rb4 $5 {Hansen,Cu} 40. Kg3 $1 (40. h5 Ne5 41. Rxe5 (41. Nd6 Rxb2+
42. Kg3 Rb6 43. Nf5 Rb3+ 44. Kg2 Rb2+ $10) 41... Rxc4 42. Kf3 $14) 40... Ne5
41. Nd6 Rxe4 (41... Rb3+ 42. Kf4 Nd3+ 43. Kf5 $16) 42. Nxe4 Kf7 43. Nc5 a5 44.
h5 $16) 40. Re8 (40. Re8 Kf7 (40... Rb4 41. Rc8 Kf7 $1 (41... g6 $16 {Hansen,Cu
}) (41... Kh7 $14 {Kortschnoj})) 41. Ra8 (41. Nd6+ Kg8 42. g6 Rxb2+ 43. Kf3 Rb6
44. Rd8 a5 45. h5 a4 46. Nf5 Rb3+ (46... Rf6 47. Kg4 Re6 48. Ra8 $18 Rf6 49.
Kg5 Re6 50. Nxg7 $1 $18) 47. Kf4 Rb4+ 48. Kg5 Rb5 49. Ra8 (49. h6 gxh6+ 50. Kf6
Rb6+ 51. Nd6 Rb3 52. g7 Rf3+ 53. Nf5 Rxf5+ 54. Kxf5 Kxg7 55. Ra8 Kf7 56. Ra7+
Ke8 57. Rxa4 $16) 49... a3 50. Kf4 Rb4+ 51. Ke3 Rb3+ 52. Ke2 Rb2+ 53. Ke1 Rb1+
54. Kd2 Rf1 55. Ne7+ Kh8 56. Rxa3 Ne6 57. Ra6 Nf8 58. Ra8 $18) 41... Rb4 42.
Ne5+ Ke6 43. Nd3 (43. Re8+ Kf5 44. Nd3 Rg4+ 45. Kh3) 43... Rd4 44. Nc5+ (44.
Rxa6+ Kd5 $14) 44... Kd5 45. Nxa6 Ne6 $14) 1-0

[Event "Linares 12th"]
[Site "Linares"]
[Date "1994.??.??"]
[Round "12"]
[White "Kramnik, Vladimir"]
[Black "Shirov, Alexei"]
[Result "0-1"]
[WhiteElo "2710"]
[BlackElo "2705"]
[Annotator "Anand,V"]
[PlyCount "86"]
[EventDate "1994.02.??"]
[EventType "tourn"]
[EventRounds "13"]
[EventCountry "ESP"]
[EventCategory "18"]
[SourceTitle "CBM 040"]
[Source "ChessBase"]
[SourceDate "1994.06.01"]
[SourceVersion "1"]
[SourceVersionDate "1994.06.01"]
[SourceQuality "1"]

1. Nf3 {Shirov Ftacnik Hertneck,G Bulletin} d5 2. d4 Bf5 3. c4 e6 4. Nc3 {
The "solid" line. In general White seems to keep a slight edge here and this
game confirms this assessment} (4. Qb3 Nc6) 4... c6 5. Qb3 Qb6 6. c5 Qc7 (6...
Qxb3 {Hertneck,G} 7. axb3 Na6 8. Ra4 {! Shirov} (8. e4 Nb4 9. exf5 (9. Ra4 Nc2+
10. Kd1 dxe4 11. Ng5 (11. Nh4 Nxd4 $1 12. Rxd4 Bxc5 13. Rd2 Nf6 $15 {Swidler,P}
) 11... Nxd4 $1 12. Rxd4 Bxc5 13. Rc4 Bxf2 14. Ngxe4 Rd8+ 15. Ke2 Bb6 (15...
Bd4 $5) 16. Bf4 Ke7 17. Ke1 $14 {Swidler,P}) 9... Nc2+ 10. Kd1 Nxa1 11. fxe6
fxe6 (11... Nxb3 12. exf7+ Kxf7 13. Be3 Nf6 14. Ne5+ Ke8 (14... Ke6 $2 15. g3 (
15. Kc2 $2 Nxc5 $17) 15... a5 16. Bh3+ Ke7 17. Na4 $1 $18) 15. Kc2 Na1+ 16. Kb1
Nb3 17. Ka2 Na5 18. b4 Nc4 19. Nxc4 dxc4 20. Bxc4 $44 {Shirov}) 12. b4 a5 $6 (
12... Nf6 13. Bd3 Nb3 14. Be3 a5 15. b5 a4 $13 {Shirov}) 13. bxa5 $1 Nb3 (13...
Rxa5 14. b4 Ra8 15. Bb2 $16 {>< a1}) 14. a6 $1 Nxc1 15. axb7 Rb8 16. Kxc1 Rxb7
17. Bd3 $16 {>< e6; Shirov,A-Swidler,P/Gausdal/1991}) 8... Bc2 9. e3 (9. Bf4 $5
Bxb3 10. Ra3 Bc4 (10... Bc2 11. Na2 $1 Nf6 12. e3 Nb8 13. Bxb8 Rxb8 14. Rxa7
$14) 11. b3 Nxc5 (11... Nb4 12. Kd1 $1 Bb5 (12... Ba6 13. Ra4 $18) 13. Nxb5
cxb5 14. e3 Nc6 15. Bxb5 $16) 12. dxc5 Bxc5 13. Ra1 Bb4 14. Bd2 Ba6 $13) 9...
Nc7 (9... Bxb3 10. Ra3 Bc4 11. Bxc4 dxc4 12. Ne5 Nb4 13. O-O $14) 10. Be2 $1
$14) 7. Bf4 Qc8 (7... Qxf4 {Ftacnik} 8. Qxb7 $16) 8. e3 Nf6 9. Qa4 (9. Nh4 {
Hertneck,G} Bg6 10. Nxg6 hxg6 11. h3 Nbd7 12. Rc1 $6 Be7 13. Qc2 Bd8 $1 14. Bd3
Bc7 $10 {Dzhindzishashvili,R-Kuligowski,A/Lone Pine/1981}) 9... Nbd7 (9... Nh5
10. Be5 Nd7 (10... f6 11. Bxb8 Qxb8 12. h3 $1) 11. h3 Nxe5 $2 12. dxe5 $1 $18)
10. b4 a6 (10... Nh5 11. Be5 f6 12. Bg3 Nxg3 (12... Bg4 {Shirov} 13. b5 Bxf3
14. bxc6 $1) 13. hxg3 e5) (10... Bg4 {Hertneck,G} 11. b5 Bxf3 12. bxc6 $1 $16 {
Shirov}) 11. h3 Be7 12. Qb3 O-O 13. Be2 Be4 $1 {The knight must be eliminated
to achieve e5.} (13... Bd8 {Hertneck,G} 14. O-O Bc7 15. Bxc7 Qxc7 16. a4 {
Shirov} e5 $132) (13... a5 {Ftacnik} 14. b5 b6 15. bxc6 Qxc6 16. Bb5 Qc8 17. c6
Bb4 18. O-O $16) 14. O-O (14. Nxe4 {Shirov} Nxe4 15. O-O Bd8 $10) 14... Bxf3
15. Bxf3 Bd8 16. a4 Bc7 (16... Re8 $1 {Shirov /\ e5} 17. b5 Ba5 $1) 17. Bg5 (
17. b5 {Ftacnik} Bxf4 18. exf4 axb5 19. axb5 Rxa1 20. Rxa1 b6 $10) 17... h6 18.
Bxf6 Nxf6 19. b5 e5 (19... axb5 20. axb5 b6 (20... Rxa1 {Ftacnik} 21. Rxa1 b6
22. bxc6 bxc5 23. Ra7 $16) 21. cxb6 Bxb6 22. Na4) (19... Ba5 20. Ne2) (19...
Ba5 $1 $10 {Shirov Karpov,An}) 20. b6 Bb8 (20... exd4 $1 21. exd4 (21. Ne2 $1 {
Shirov} d3 22. Qxd3 Be5 23. Nd4 $16) 21... Bf4) (20... e4 {Shirov} 21. bxc7
exf3 22. Rfb1 $1 fxg2 23. Kxg2 Qxc7 24. Qxb7 $16) (20... Bd8 {Shirov} 21. dxe5
Nd7 22. Bg4 $1) 21. a5 exd4 (21... e4 22. Be2) (21... Re8 $1) 22. exd4 Bf4 23.
Qc2 $1 (23. g3 Qxh3 24. Bg2 Qh5 25. gxf4 Ng4 26. Rfd1 Qh2+ 27. Kf1 Qxf4) 23...
Qd7 $2 {White is a little better in the long term because of his advanced
queenside but this piece sacrifice is uncalled for} (23... h5 24. Ne2 (24. g3 {
Shirov} Bh6 25. Kg2 $14) 24... Bh6) 24. g3 $1 {Calling Black's bluff} Qxh3 25.
Bg2 Qh5 26. gxf4 Ng4 27. Rfd1 (27. Rfe1 {Shirov} Qh2+ 28. Kf1 Qxf4 $13) 27...
Rae8 (27... Qh2+ 28. Kf1 Qxf4 29. Rd3 $1 {The importance of Qc2 - f2 is
protected}) 28. Rd3 Qh2+ 29. Kf1 f5 (29... Qxf4 {Shirov} 30. Qd2 $16) 30. Qd2 (
30. Rg3 $2 Qxg3) (30. Ne2 $1 $18 {Hertneck,G Shirov}) 30... Rf6 31. f3 (31. Rh3
Rg6 {Ftacnik} 32. Rxh2 Nxh2+ 33. Kg1 Nf3+ $19) (31. Rg3 $1) 31... Re4 32. Nxd5
$6 (32. Ne2 $1 Rg6 (32... Ne3+ 33. Rxe3 Rg6 34. Ng3 {Shirov} Rxe3 35. Qxe3 Qxg3
36. Ra2 h5 37. Qe5 $18) 33. fxe4 (33. fxg4 Rxg4 34. Ng1 Rexf4+ 35. Nf3 $18)
33... Ne3+ (33... Nf2 34. Rg3 Nxe4 $13) 34. Qxe3 (34. Rxe3 {Bulletin} Qxg2+ $19
) 34... Qxg2+ 35. Ke1 Qh1+ 36. Kd2 Qxa1 37. exf5 $18) (32. fxe4 {Bulletin} fxe4
33. Bf3 $1 $18 (33. Ne2 exd3 34. Qxd3 Re6 $132 (34... Qh4 35. Qg3 Qxg3 36. Nxg3
Rxf4+ 37. Kg1 Rxd4 38. Nf5 Rc4 39. Nd6 Rxc5 40. Nxb7 Rc2 41. Rb1 $18) (34...
Re6 35. Ra3 Ne3+ (35... Rxe2 36. Qxe2 Qxf4+ 37. Bf3 $18) 36. Qxe3 Rxe3 37. Rxe3
$18) (34... Rxf4+ 35. Nxf4 Qxf4+ 36. Bf3)) (33. Bf3 $1 {Ftacnik} Rxf4 (33...
Qh3+ 34. Qg2 Nh2+ 35. Kf2 Qh4+ 36. Qg3 $16) 34. Qxh2 Nxh2+ 35. Kg2 exd3 36.
Nxd5 $1 (36. Bxd5+ cxd5 37. c6 bxc6 38. b7 Rf8 39. Rb1 Rb8 40. Kxh2 d2 41. Kg2
Kf7 (41... h5 42. Kf3 h4 43. Ke2 (43. Kg4 g5 $13) 43... h3 44. Na4 d1=Q+ 45.
Kxd1 Rxb7 $1) 42. Kf3 Ke7 43. Ke2 Kd6 44. Na4 $18) 36... Rxf3 (36... Rxd4 37.
Kxh2 cxd5 38. c6 bxc6 39. Rb1 $18) 37. Ne7+ Kf7 (37... Kh7 38. Kxh2 $18) 38.
Nxc6 $1) (33. Nxe4 dxe4 34. Qa2+ Kh8 35. Bxe4 Qxf4+ 36. Bf3 Nh2+ 37. Ke2 Nxf3
$19)) 32... cxd5 33. c6 Rxf4 (33... Rxc6 $2 {Hertneck,G} 34. fxe4 {Shirov} fxe4
35. Rh3 $18) 34. cxb7 (34. c7 {Shirov} Rf8 35. Rc1 Rc8 $13) 34... Re4 $1 (34...
Rf8 $2 {Ftacnik} 35. Rc1 Nf6 36. Rc8 $18) 35. Rc1 (35. b8=Q+ {Hertneck,G} Qxb8
36. fxg4 Qh2 $1 (36... Rxg4 {Shirov} 37. Bxd5+ $18) 37. Rf3 fxg4 38. Rxf6 gxf6
39. b7 Rf4+ 40. Qxf4 Qxf4+ 41. Ke2 $13) (35. fxe4 $2 {Ftacnik} fxe4+ 36. Bf3
Qh1+ 37. Ke2 exf3+ 38. Rxf3 Qxf3+ 39. Ke1 Qf1#) 35... Kh7 (35... Re8 {Ftacnik}
36. Rc8 Rff8 37. Rxe8 Rxe8 38. fxg4 $18) 36. b8=Q (36. Rc7 Qg3 37. b8=Q Nh2+
38. Kg1 Re1+ 39. Qxe1 Qxe1+ 40. Kxh2 Qh4+ $10) (36. Rc8 Qg3 37. b8=Q Nh2+ 38.
Kg1 Re1+ 39. Qxe1 Qxe1+ 40. Kxh2 Qh4+ 41. Bh3 (41. Kg1 {Ftacnik} Qe1+ $10)
41... Qf2+ 42. Kh1 Qe1+ 43. Kg2 Qe2+ $10) 36... Qxb8 37. fxg4 (37. fxe4 {
Ftacnik} fxe4+ 38. Ke1 Rf2 $19) 37... Qh2 (37... fxg4+ $2 {Ftacnik} 38. Kg1)
38. Rf3 $2 (38. Bf3 $5 Qxd2 39. Rxd2 fxg4 40. Rf2 (40. Rd3 Re8 $1) 40... gxf3
41. b7 Rh4 42. Rfc2 $1 Rf8 (42... f2 43. b8=Q Rh1+ 44. Kg2 f1=Q+ 45. Rxf1 Rhxf1
46. Kh2 $18) 43. Rc8 Rh1+ 44. Kf2 $18) 38... Rxg4 (38... fxg4 $4 {Hertneck,G}
39. Rxf6 gxf6 40. Bxe4+ $18) 39. b7 $2 {The final blunder in time trouble} (39.
Rf2 Rfg6 40. Bf3 (40. Bxd5 {Hertneck,G} Qd6 (40... Qh3+ {Ftacnik} 41. Ke2 $18)
(40... Rg1+ 41. Ke2 Qh5+ 42. Bf3 Re6+ 43. Kd3 Rg3 44. Qf4 Qg4 45. Qxg4 fxg4 46.
b7 $18) 41. Rxf5 $1 $18 (41. Bg2 {Shirov} Rxd4 $16)) 40... Qh3+ 41. Ke2 Re6+
42. Kd3) 39... Rfg6 40. Rc2 (40. b8=Q {Hertneck,G} Qxb8 41. Rf2 $13 {Shirov}) (
40. Rf2 {Ftacnik} Rxg2 41. Rxg2 Qh1+ $19) 40... Rxg2 41. Qxg2 Rxg2 42. Rxg2
Qh1+ 43. Kf2 Qb1 (43... Qb1 {Shirov} 44. Kg3 Qxb7 45. Rxf5 Qc7+ $19) 0-1

[Event "Amber-rapid 03rd"]
[Site "Monte Carlo"]
[Date "1994.03.29"]
[Round "4"]
[White "Kramnik, Vladimir"]
[Black "Polgar, Zsuzsa"]
[Result "1-0"]
[WhiteElo "2710"]
[BlackElo "2550"]
[PlyCount "235"]
[EventDate "1994.03.26"]
[EventType "tourn (rapid)"]
[EventRounds "11"]
[EventCountry "MNC"]
[EventCategory "16"]
[SourceTitle "CBM 040 Extra"]
[Source "ChessBase"]
[SourceDate "1994.07.01"]
[SourceVersion "1"]
[SourceVersionDate "1994.07.01"]
[SourceQuality "1"]

1. d4 d5 2. Nf3 e6 3. c4 dxc4 4. Qa4+ Nd7 5. Nc3 Ngf6 6. e4 c5 7. d5 exd5 8. e5
d4 9. exf6 dxc3 10. Bxc4 Qxf6 11. Bg5 Qg6 12. O-O f6 13. Rad1 c2 14. Rd2 fxg5
15. Ne5 Qf5 16. Nxd7 Bxd7 17. Rxd7 Qxd7 18. Bb5 Rd8 19. Re1+ Be7 20. Qe4 Kf7
21. Bxd7 Rxd7 22. Qf5+ Ke8 23. Qxc5 Kd8 24. Qxc2 Bd6 25. g3 h6 26. Rd1 Rf8 27.
Kg2 Rf6 28. Qa4 a6 29. Qc4 Rf8 30. Rd2 Rf6 31. Qd4 Rff7 32. Qc4 Rf6 33. a4 Bf8
34. Re2 Bd6 35. Qg8+ Rf8 36. Qe6 Kc7 37. Rc2+ Kd8 38. b4 Rf6 39. Qe4 Rc7 40.
Rd2 Rd7 41. b5 axb5 42. axb5 Rff7 43. b6 Bc5 44. Rb2 Rf6 45. Qe5 Bxb6 46. Qb8+
Ke7 47. Qg8 Bd4 48. Re2+ Kd6 49. Qb8+ Kd5 50. Qe8 Rfd6 51. Qc8 b6 52. Rd2 Ke5
53. Qe8+ Kf6 54. Re2 Bc5 55. Qe4 Rd8 56. h4 gxh4 57. Qxh4+ Kf7 58. Re7+ Kg8 59.
Qg4 Bd4 60. Rb7 Kh8 61. Qe4 Rf8 62. f4 Rfd8 63. Kh3 Bf6 64. Rf7 Kg8 65. Rb7 Kh8
66. Kg4 Bd4 67. Kh5 Bf6 68. g4 Rd4 69. Kg6 R4d6 70. Kf7 R6d7+ 71. Rxd7 Rxd7+
72. Kg6 Rd8 73. g5 Bb2 74. Qe7 Rc8 75. Qd7 Rf8 76. Qd6 Rg8 77. Qxb6 Ba1 78. Qa7
Bb2 79. Qb7 Ba1 80. f5 Rf8 81. Qe7 Kg8 82. Qd7 Kh8 83. f6 Bxf6 84. gxh6 Rg8 85.
Qh3 gxh6+ 86. Kxf6 Kh7 87. Qd7+ Kh8 88. Qe7 Rg5 89. Qf7 Rg8 90. Qc4 Kh7 91.
Qe4+ Kh8 92. Qc4 Kh7 93. Qf7+ Kh8 94. Qd7 Rg5 95. Qb7 Rg8 96. Qb3 Kh7 97. Kf7
Rg5 98. Qe6 Rg7+ 99. Kf8 Rg5 100. Qf6 Rg8+ 101. Kf7 Rg5 102. Qd4 Rf5+ 103. Ke6
Rg5 104. Kf6 Rg8 105. Qd7+ Kh8 106. Qd2 Kh7 107. Qc2+ Kh8 108. Qc5 Kh7 109.
Qf5+ Kh8 110. Qe6 Kh7 111. Kf7 Rg7+ 112. Kf8 Rg5 113. Qd7+ Kh8 114. Qf7 Rg1
115. Qf6+ Kh7 116. Qf5+ Kh8 117. Qe5+ Kh7 118. Qe4+ 1-0

[Event "PCA/Intel-GP"]
[Site "Moscow"]
[Date "1994.??.??"]
[Round "2"]
[White "Kasparov, Garry"]
[Black "Kramnik, Vladimir"]
[Result "1/2-1/2"]
[WhiteElo "2805"]
[BlackElo "2710"]
[Annotator "Horvath,Ta"]
[PlyCount "60"]
[EventDate "1994.04.??"]
[EventType "k.o. (rapid)"]
[EventRounds "4"]
[EventCountry "RUS"]
[SourceTitle "CBM 041"]
[Source "ChessBase"]
[SourceDate "1994.08.01"]
[SourceVersion "1"]
[SourceVersionDate "1994.08.01"]
[SourceQuality "1"]

1. e4 c5 2. Nc3 Nc6 3. Nge2 Nf6 4. d4 cxd4 5. Nxd4 e5 6. Ndb5 d6 7. Bg5 a6 8.
Na3 b5 9. Nd5 Be7 10. Bxf6 Bxf6 11. c3 O-O 12. Nc2 Rb8 13. a3 a5 (13... Ne7 $5)
14. h4 Ne7 $1 15. Nce3 (15. Nxf6+ gxf6 16. Ne3 f5 $13) 15... Nxd5 16. Nxd5 Be6
17. g3 (17. Nxf6+ Qxf6 18. Qxd6 Rfd8 19. Qc5 b4 $5 20. Be2 (20. Qxa5 $2 Qf4 $19
) 20... Rdc8 21. Qxa5 bxc3 22. b4 (22. bxc3 $2 Rb2 $17) 22... c2 (22... Bc4 $5)
23. O-O Qf4 24. Rac1 Qxe4 25. Rfe1 Qxh4 26. Qxe5 $13) 17... Qd7 18. Bg2 Bd8 19.
O-O Bb6 20. Qd2 Rfc8 21. Rfd1 Bxd5 22. Qxd5 b4 23. axb4 axb4 24. Qxd6 Qg4 $1
25. Qd3 (25. Qxe5 $2 bxc3 26. bxc3 Bxf2+ $1 27. Kxf2 Rb2+ 28. Kg1 Qe2 $19)
25... bxc3 26. bxc3 g6 27. Rab1 Rd8 28. Qf3 Rxd1+ 29. Rxd1 Qxf3 30. Bxf3 Rc8
1/2-1/2

[Event "PCA/Intel-GP"]
[Site "Moscow"]
[Date "1994.??.??"]
[Round "2"]
[White "Kramnik, Vladimir"]
[Black "Kasparov, Garry"]
[Result "1-0"]
[WhiteElo "2710"]
[BlackElo "2805"]
[Annotator "Kramnik,V"]
[PlyCount "81"]
[EventDate "1994.04.??"]
[EventType "k.o. (rapid)"]
[EventRounds "4"]
[EventCountry "RUS"]
[SourceTitle "CBM 041"]
[Source "ChessBase"]
[SourceDate "1994.08.01"]
[SourceVersion "1"]
[SourceVersionDate "1994.08.01"]
[SourceQuality "1"]

1. Nf3 Nf6 2. c4 g6 3. Nc3 Bg7 4. e4 d6 5. d4 O-O 6. Be2 e5 7. d5 Nbd7 8. Be3
Ng4 9. Bg5 f6 10. Bh4 h5 11. Nd2 Nh6 12. f3 Nf7 (12... a5 $5) 13. Qc2 (13. O-O
Bh6 $13) 13... Bh6 14. O-O-O (14. Bf2 a5 15. O-O-O Nc5 $13) 14... c5 15. dxc6
$6 (15. Kb1 $14 a6) 15... bxc6 $13 16. Kb1 a5 (16... Nc5 $1 17. Nb3 (17. Bf2
Ne6 18. Nb3 Qe7 $132) 17... Be3 $132) 17. Na4 c5 18. Nc3 Be3 $2 (18... Bb7 19.
Nd5 a4 $13 (19... Ng5 20. Bxg5 $5 Bxg5 21. g3 Bh6 22. f4 $36)) 19. Nd5 Bd4 20.
Nb3 Bb7 21. Nxd4 cxd4 22. f4 $16 Rb8 $6 (22... Nh6 23. fxe5 dxe5 24. c5 Bc6 (
24... Rc8 25. Qb3 Nxc5 26. Nxf6+ Kh8 27. Qg3 $1 $16) 25. Rhf1 $16) 23. Rhf1 Nh6
24. c5 $5 (24. fxe5 dxe5 25. c5 Bc6 $16) 24... Bxd5 25. exd5 Nf5 26. fxe5 $1 (
26. c6 Nc5) 26... Nxh4 (26... Nxe5 27. Rxf5 gxf5 28. c6 Qb6 29. Bf2 $16) 27.
exd6 Ne5 28. Rxd4 Nf5 (28... Rb4 29. Rxb4 axb4 30. Qe4 Nf5 31. Qxb4 $16) 29.
Rxf5 $1 gxf5 30. Qxf5 Kg7 (30... Rb4 31. Qe6+ Kh8 (31... Nf7 32. Rxb4 axb4 33.
Qe4 (33. Bxh5 Kg7 34. Bxf7 Rxf7 35. c6 Qb6 36. c7 Qg1+ 37. Kc2 $16) (33. d7 Qa5
(33... Kg7 34. Bxh5 (34. d6 b3 $3 (34... Qa5 35. c6 b3 36. Qxb3 $16) 35. axb3 (
35. c6 bxa2+ 36. Ka1 Qa5 $132) 35... Qa5 $132) 34... Qa5 35. Bxf7 Rxf7 36. c6
$16) 34. c6 (34. Bxh5 $5 Qxc5 35. Bxf7+ Kg7 36. Bh5) 34... b3 35. axb3 Qe1+ 36.
Kc2 Kg7 37. Qe7 $18) 33... Ne5 (33... Re8 34. Qg6+ Kf8 35. Bxh5) 34. Qxb4 $16 {
/\ a3, Ka2}) 32. Rxb4 axb4 33. Qe7 $1 Qa8 $8 34. d7 Kg8 (34... b3 35. axb3 Kg8
36. Qd6 $5 Qa5 37. b4 Qxb4 38. Qxf8+ $18) 35. Bd1 $1 Nf7 (35... Qa5 36. Bc2 $40
) (35... Qxd5 36. Bb3 Nc4 37. Bxc4 Qxc4 38. Qxf8+ Kxf8 39. d8=Q+ Kg7 40. Qe7+
Kg6 41. Qe3 Qf1+ 42. Qc1 $18) 36. Qxf6 Qxd5 37. Bc2 Ng5 (37... Ne5 38. Bb3 Nc4
39. Bxc4 Qxc4 40. Qxf8+ Kxf8 41. d8=Q+) 38. Bb3 $18) 31. Bxh5 Rh8 $2 (31... Rb4
$8 32. Rxb4 (32. Rd2 $1 $16 Qc8 (32... Nc4 33. Qg6+ Kh8 34. Qh6+ Kg8 35. Rd3
Rxb2+ 36. Ka1 Rb1+ 37. Kxb1 Qb8+ 38. Rb3 $18) (32... Qb8 33. a3 Rc4 (33... Rb5
34. Rc2 Rc8 35. c6 $16) 34. Rc2 Qb3 (34... Rxc2 35. Qxc2 $16) (34... Qb5 35.
Be2) 35. c6 (35. Bd1) 35... Rxc2 36. Qxc2 Qxd5 37. c7 $16) (32... Rh8 33. a3
Rb5 (33... Rh4 34. g4 $16) (33... Rc4 $5) 34. Rd4 $5 Rxc5 $2 35. Rg4+ Kf8 36.
Qe6 $18 {/\ d7, Qe8}) 33. Qxc8 Rxc8 34. c6 $16) 32... axb4 33. Qe6 (33. Qe4 Qa5
$132) 33... Qa5 $1 34. Qe7+ (34. c6 b3) 34... Kg8 35. Qe6+ Kg7 $10) 32. Rg4+ $1
Kf8 33. Qe6 $1 Rb7 (33... Rc8 34. c6 $18) 34. c6 Rxb2+ 35. Kxb2 Qb6+ 36. Ka3 $1
Qc5+ 37. Ka4 Qc2+ 38. Kb5 Qb2+ 39. Ka6 Qe2+ 40. Kb7 Rh7+ (40... Qb5+ 41. Kc7
Rh7+ 42. d7 Rxd7+ 43. cxd7 Qc5+ 44. Kd8 $18) 41. d7 1-0